000 00919nam a22002297a 4500
005 20240530110545.0
008 160117s2013 ua a g b 000 0 ara d
017 _a2012/2727
_bمصر . دار الكتب المصرية
020 _a9789774383698
040 _aEG-CaGPL
082 0 4 _221
_a324.04\
_bم أ
100 0 _aمحمد زكى ابوالنصر .
245 1 2 _aالاغلبية الصامتة :
_bسادة الرمال المتحركة فى صحراء الانظمة العربية /
_cمحمد زكى ابوالنصر .
250 _aط1.
260 _aالاسكندرية :
_bالمكتب الجامعى الحديث ،
_c2013 .
300 _a448 ص ؛
_c24 سم .
504 _aيشتمل على ارجاعات ببليوجرافية
650 0 4 _aالاغلبية الصامتة .
650 0 4 _aالفساد السياسى .
942 _2ddc
_cBK
999 _c62336
_d62336